The noble scholar, jurist, historian


 His Excellency Dr. Abdul Wahhab bin Ibrahim Abu Sulaiman, may Allah have mercy on him.


 He was born in Umm Al-Qura in the year 1356 AH.

الثبت الكبير في مشيخة وأسانيد وإجازات الشيخ حسن المشاط المكي 1317 هـ-1399 هـ / (Record no. 2874)

MARC details
000 -LEADER
fixed length control field 01147cam a22002771i 4500
003 - CONTROL NUMBER IDENTIFIER
control field SA-RiAUC
005 - DATE AND TIME OF LATEST TRANSACTION
control field 20250502143729.0
008 - FIXED-LENGTH DATA ELEMENTS--GENERAL INFORMATION
fixed length control field 241201s2005 su g 00000bara c
020 ## - INTERNATIONAL STANDARD BOOK NUMBER
International Standard Book Number 9960444953
024 0# - OTHER STANDARD IDENTIFIER
Standard number or code 1425/576
040 ## - CATALOGING SOURCE
Original cataloging agency KAPL
Language of cataloging ara
Transcribing agency SA-RiAUC
Description conventions rda
072 #7 - SUBJECT CATEGORY CODE
Subject category code 045
082 04 - DEWEY DECIMAL CLASSIFICATION NUMBER
Classification number 232
092 ## - LOCALLY ASSIGNED DEWEY CALL NUMBER (OCLC)
Classification number 232
Item number ب ن ج
100 1# - MAIN ENTRY--PERSONAL NAME
Personal name البنجابي، محمد بن عبد الكريم بن عبيد،
Dates associated with a name 1380 هجري-
Relator term مؤلف.
245 12 - TITLE STATEMENT
Title الثبت الكبير في مشيخة وأسانيد وإجازات الشيخ حسن المشاط المكي 1317 هـ-1399 هـ /
Statement of responsibility, etc. دراسة وتحقيق محمد بن عبد الكريم بن عبيد.
264 #1 - PRODUCTION, PUBLICATION, DISTRIBUTION, MANUFACTURE, AND COPYRIGHT NOTICE
Place of production, publication, distribution, manufacture مكة المكرمة :
Name of producer, publisher, distributor, manufacturer مؤسسة الفرقان للتراث الإسلامي،
Date of production, publication, distribution, manufacture, or copyright notice 2005
300 ## - PHYSICAL DESCRIPTION
Extent 281 صفحة ؛
Dimensions 24 سم
336 ## - CONTENT TYPE
Content type term نص
Content type code txt
Source rdacontent
Materials specified كتاب
337 ## - MEDIA TYPE
Media type term بدون وسيط
Media type code n
Source rdamedia
338 ## - CARRIER TYPE
Carrier type term مجلد
Carrier type code nc
Source rdacarrier
600 17 - SUBJECT ADDED ENTRY--PERSONAL NAME
Personal name المشاط، حسن بن محمد،
Dates associated with a name 1319-1399 هجري
Source of heading or term aucnm
650 #7 - SUBJECT ADDED ENTRY--TOPICAL TERM
Topical term or geographic name entry element المسلمون
Form subdivision تراجم
Source of heading or term aucsh
942 ## - ADDED ENTRY ELEMENTS (KOHA)
Source of classification or shelving scheme Dewey Decimal Classification
Koha item type Books
949 ## - LOCAL PROCESSING INFORMATION (OCLC)
a SA-JeALM
d 241201
u khaled123
n 1
Holdings
Withdrawn status Lost status Source of classification or shelving scheme Damaged status Not for loan Home library Current library Date acquired Total checkouts Full call number Barcode Date last seen Price effective from Koha item type
    Dewey Decimal Classification     DR AbdElwahab Library DR AbdElwahab Library 12/01/2024   232 ب ن ج 000004675 12/01/2024 12/01/2024 Books
    Dewey Decimal Classification     DR AbdElwahab Library DR AbdElwahab Library 12/01/2024   232 ب ن ج 000004676 12/01/2024 12/01/2024 Books
    Dewey Decimal Classification     DR AbdElwahab Library DR AbdElwahab Library 01/15/2025   232 ب ن ج 000007677 01/15/2025 01/15/2025 Books